000 00488nam a22001697a 4500
005 20251108174624.0
008 250721s2008 xx 000 0 eng d
082 1 4 _aWB/362.74098/YOU
245 1 0 _aYouth At Risk in Latin America and the Caribbean /
264 1 _aWashington :
_bThe World Bank,
_c2008.
300 _a307P.
500 _aINCLUDES BIBLIOGRAPHICAL REFERENCES
650 1 7 _aYOUTH WITH SOCIAL DISABILITIES
650 1 7 _aWORLD BANK
942 _2ddc
_cBK
999 _c113812
_d113812